In terris ecclesiae : frammenti di ius proprium nel Liber Extra di Gregorio IX /
Saved in:
| Main Author: | |
|---|---|
| Format: | Book |
| Language: | Italian Latin |
| Published: |
Roma :
Il Cigno Galileo Galilei Edizioni di Arte e Scienza,
1992.
|
| Subjects: | |
| Tags: |
Add Tag
No Tags, Be the first to tag this record!
|
| LEADER | 01309nam a2200361Ia 4500 | ||
|---|---|---|---|
| 001 | 005687318-2 | ||
| 005 | 20050513103655.0 | ||
| 008 | 931207s1992 it af b 001 0 ita d | ||
| 010 | |a 93203321 | ||
| 020 | |a 8878310182 | ||
| 035 | 0 | |a ocm29440635 | |
| 035 | 1 | |a MAHL97B93 | |
| 035 | 1 | |z NYPG94B11496 | |
| 040 | |a BJO |c BJO |d DDO | ||
| 041 | 0 | |a ita |a lat | |
| 043 | |a e-it--- | ||
| 045 | |a o0s9 | ||
| 050 | 0 | 0 | |a IN PROCESS |
| 100 | 1 | |a Migliorino, Francesco. | |
| 245 | 1 | 0 | |a In terris ecclesiae : |b frammenti di ius proprium nel Liber Extra di Gregorio IX / |c Francesco Migliorino. |
| 260 | |a Roma : |b Il Cigno Galileo Galilei Edizioni di Arte e Scienza, |c 1992. | ||
| 300 | |a 226 p., [1] leaf of plates : |b ill. ; |c 24 cm. | ||
| 504 | |a Includes bibliographical references and indexes. | ||
| 610 | 2 | 0 | |a Catholic Church. |t Decretales Gregorii IX. |
| 650 | 0 | |a Canon law |x Interpretation and construction. | |
| 650 | 0 | |a Popes |x Temporal power. | |
| 650 | 0 | |a Charitable bequests (Canon law) | |
| 650 | 0 | |a Infamy (Canon law) | |
| 600 | 0 | 0 | |a Gregory |b IX, |c Pope, |d approximately 1170-1241. |
| 655 | 7 | |a History. |2 fast | |
| 776 | 0 | 8 | |i Online version: |a Migliorino, Francesco. |t In terris ecclesiae. |d Roma : Il Cigno Galileo Galilei Edizioni di Arte e Scienza, 1992 |w (OCoLC)988393936 |
| 988 | |a 20020608 | ||
| 906 | |0 RLIN | ||


